000 00577nam a2200193 4500
005 20250806145402.0
010 _aENG-146394
020 _a9789349042308
_c299.00
035 _aEN-129926
037 _bDBAD
082 _a358.400954
100 _aPankaj P. Singh
_983870
245 _aUnfolded India's Air Defence From WWII to Operation Sindoor/
_cPankaj P. Singh
250 _a1
260 _aChandigarh
_bThe Browser
_c2025
270 _aSCO-14,15, Sector 8-C
_bChandigarh
_e160009
300 _a231p.
_c20cm(pb)
942 _2ddc
_cEN
_h358.400954
_mPAN
999 _c212904
_d212904